000 00370 a2200157 4500
001 45751
020 _a8534902526
040 _cAnchieta - Aquarius
100 _aRegina, Tia
240 1 0 _a!Histórias e lendas do Brasil
_lpor
245 1 0 _a!Histórias e lendas do Brasil
300 _a15
362 0 _a0
650 4 _aFolclore / Adivinhações / Lendas
942 _cBK
999 _c45751
_d45751